Online Public Access Catalogue

Larsen's Human Embrylogy (Record no. 8322)

MARC details
000 -LEADER
fixed length control field 00325nam a2200133Ia 4500
082 ## - DEWEY DECIMAL CLASSIFICATION NUMBER
Classification number Qs 604
Author Mark SCH
100 ## - MAIN ENTRY--PERSONAL NAME
Author Name Schoerwolf,Garye.
245 #0 - TITLE STATEMENT
Title Larsen's Human Embrylogy
Statement of responsibility, etc. Schoerwolf,Garye.
250 ## - EDITION STATEMENT
Edition statement 5th
260 ## - PUBLICATION, DISTRIBUTION, ETC.
Place of publication, distribution, etc. China
Name of publisher, distributor, etc. Elsevier
Date of publication, distribution, etc. 2015
300 ## - PHYSICAL DESCRIPTION
No of Pages 532
942 ## - ADDED ENTRY ELEMENTS (KOHA)
Koha item type Books
952 ## - LOCATION AND ITEM INFORMATION (KOHA)
-- 2018-03-16
Holdings
Withdrawn status Lost status Damaged status Not for loan Home library Current library Shelving location Date acquired Total Checkouts Full call number Barcode Checked out Date last seen Date last checked out Koha item type
        Islamabad Medical and Dental College Islamabad Medical and Dental College Islamabad Medical and Dental College 16/03/2018 1 Qs 604 10107 17/05/2018 03/05/2018 03/05/2018 Books

Copyright @ IMDC Library
Islamabad Medical and Dental College
Bhara Kahu, Islamabad

  Contact the Librarian, IMDC
  Email:: library@imdcollege.edu.pk

  OPAC Customized by
  Mazhar Hussain,
  Librarian:
  Islamabad Medical and Dental College
  Email:: library@imdcollege.edu.pk